000 00274nam a2200109Ia 4500
001 589079
005 20250717120842.0
008 250717s9999 xx 000 0 und d
245 0 _aX-2 YENİ KÜTÜPHANECİ
_cALISON DONALD
260 _bİNDİGO YAYINLARI
_c2018
300 _b18
999 _c589079
_d589079